| 000 | 01032pam a2200277 a 4500 | ||
|---|---|---|---|
| 001 | 015449008 | ||
| 003 | OSt | ||
| 005 | 20140320105728.0 | ||
| 008 | 091211t2010 xxkadk frb 001 0 eng d | ||
| 020 | _a9781848445888 (hbk.) | ||
| 020 | _a1848445881 (hbk.) | ||
| 040 |
_aStDuBDS _beng _cStDuBDS _dUk |
||
| 082 | 0 | 4 |
_a384.068 _222 _bREG |
| 245 | 0 | 0 |
_aRegulation and the evolution of the global telecommunications industry / _cedited by Anastassios Gentzoglanis and Anders Henten. |
| 260 |
_aCheltenham, United Kingdom ; _aNorthampton, United States : _bEdward Elgar, _cc.2010 _f(MPG Books Group) |
||
| 300 |
_axvii, 350 p. : _bcharts, forms, tables ; _c24 cm. |
||
| 500 | _aIndex : p. 341-350. | ||
| 504 | _aIncludes bibliographical references. | ||
| 650 | 0 |
_aTelecommunication policy _935716 |
|
| 650 | 0 |
_aTelecommunication _911260 |
|
| 653 |
_bENGELC _cMarch2014 |
||
| 655 |
_vreading book _934232 |
||
| 700 | 1 |
_aGentzoglanis, Anastassios _eeditor. _935717 |
|
| 700 | 1 |
_aHenten, Anders _eeditor. _935718 |
|
| 942 |
_2ddc _k384.068 REG |
||
| 999 |
_c18136 _d18108 |
||